Catalog

Record Details

Catalog Search



Good and joyful things  Cover Image CD Audiobook CD Audiobook

Good and joyful things / Ania Ahlborn.

Ahlborn, Ania,: (author.). Barron, Mia,: (narrator.).

Summary:

Simone and Elliott Evans seem to have it all, but their marriage is far from happy. The more time Simone spends home alone with their young children, the more she's convinced that Elliott's interest in his family is waning. He's pining for his ex, Leighton Prescott, who mysteriously disappeared from their small New Hampshire town years before. When Simone spots Leighton at the grocery store in their tiny hometown, she has proof that Leighton Prescott is back. Terrified of losing her family, Simone puts Elliott to the ultimate test. He's left with one last chance to save the marriage he vowed to preserve. But rather than rekindling the love he and Simone once shared, he instead uncovers an unfathomable truth about the woman he calls his wife.

Record details

  • ISBN: 9781668148013
  • ISBN: 1668148013
  • ISBN: 9781668148020
  • ISBN: 1668148021
  • Physical Description: 9 audio discs (11 1/2 hr.) : CD audio, digital ; 4 3/4 in.
  • Edition: Unabridged.
  • Publisher: [New York] : Simon & Schuster Audio, [2025]

Content descriptions

General Note:
Compact discs.
Participant or Performer Note:
Read by Mia Barron.
Subject: Spouses > Fiction.
Jealousy > Fiction.
Secrecy > Fiction.
Man-woman relationships > Fiction.
New Hampshire > Fiction.
Genre: Audiobooks.
Thrillers (Fiction)
Domestic fiction.
Psychological fiction.

Available copies

  • 1 of 1 copy available at scottsboropl.

Holds

  • 0 current holds with 1 total copy.
Show Only Available Copies
Location Call Number / Copy Notes Barcode Shelving Location Status Due Date
scottsboropl BK/CD Ahl 32269001280281 Adult - Audiobook Available -

LDR 03147nim a22006497i 4500
001166106
003SBPL
00520250616152804.0
008250527s2025 nyunnnne f n eng d
007sd fsngnnmmned
020 . ‡a9781668148013 ‡q(sound recording ; ‡qBlackstone Library CD)
020 . ‡a1668148013 ‡q(sound recording ; ‡qBlackstone Library CD)
020 . ‡a9781668148020 ‡q(sound recording ; ‡qBlackstone Retail CD)
020 . ‡a1668148021 ‡q(sound recording ; ‡qBlackstone Retail CD)
035 . ‡a(OCoLC)1521210018
050 4. ‡aPS3601.H556
08204. ‡a813/.6 ‡223
1001 . ‡aAhlborn, Ania,: ‡eauthor.
24510. ‡aGood and joyful things / ‡cAnia Ahlborn.
250 . ‡aUnabridged.
264 1. ‡a[New York] : ‡bSimon & Schuster Audio, ‡c[2025]
300 . ‡a9 audio discs (11 1/2 hr.) : ‡bCD audio, digital ; ‡c4 3/4 in.
336 . ‡aspoken word ‡bspw ‡2rdacontent
337 . ‡aaudio ‡bs ‡2rdamedia
338 . ‡aaudio disc ‡bsd ‡2rdacarrier
344 . ‡adigital ‡2rdatr
344 . ‡boptical ‡2rdarm
347 . ‡aaudio file ‡2rdaft
347 . ‡bCD audio
500 . ‡aCompact discs.
5110 . ‡aRead by Mia Barron.
520 . ‡aSimone and Elliott Evans seem to have it all, but their marriage is far from happy. The more time Simone spends home alone with their young children, the more she's convinced that Elliott's interest in his family is waning. He's pining for his ex, Leighton Prescott, who mysteriously disappeared from their small New Hampshire town years before. When Simone spots Leighton at the grocery store in their tiny hometown, she has proof that Leighton Prescott is back. Terrified of losing her family, Simone puts Elliott to the ultimate test. He's left with one last chance to save the marriage he vowed to preserve. But rather than rekindling the love he and Simone once shared, he instead uncovers an unfathomable truth about the woman he calls his wife.
650 0. ‡aSpouses ‡vFiction.
650 0. ‡aJealousy ‡vFiction.
650 0. ‡aSecrecy ‡vFiction.
650 0. ‡aMan-woman relationships ‡vFiction.
651 0. ‡aNew Hampshire ‡vFiction.
655 7. ‡aAudiobooks. ‡2lcgft
655 7. ‡aThrillers (Fiction) ‡2lcgft
655 7. ‡aDomestic fiction. ‡2lcgft
655 7. ‡aPsychological fiction. ‡2lcgft
7001 . ‡aBarron, Mia,: ‡enarrator.
901 . ‡a166106 ‡bAUTOGEN ‡c166106 ‡tbiblio

Additional Resources